Quizzes
Events
Quiz Creation
Community
Videos
Private Events
Remove Ads
Sign In
Join for FREE
Feedback
Dark Mode
Quiz Categories
Sports
Geography
Music
Movies
Television
Just For Fun
Miscellaneous
History
Literature
Language
Science
Gaming
Entertainment
Religion
Holiday
For Kids
Quiz Lab
Recent
Popular Today
Quiz Kudos Today
Editor Picks
Curator Picks
Quizzes by...
Day
Popularity
Type
Ratings
Length
Year
Community
Subscriptions
Recent Discussions
Orange Saloon
Badges
Playlists
Quests
Create
Leaderboards
Showdown
Live 5
Trivia Bingo
Activity
Puzzle Library
Sporcle Events
Private Events
Virtual Trivia
Globe League
Become a Host
Pub Owners
SporcleCon
Opinionation
Our Games
Videos
Blog
Mobile Apps
Partnerships
Remove Ads and Go Orange
Feedback
Sports
Athletes
MLB
NBA
NHL
NFL
Soccer
Sports Teams
WWE
NCAA
Football
Premier League
Basketball
Baseball
Hockey
Golf
Tennis
Cricket
Rugby
Auto Racing
Olympics
World Cup
Sports
Athletes
MLB
NBA
NHL
NFL
Soccer
Sports Teams
WWE
NCAA
Football
Premier League
Basketball
Baseball
Hockey
Golf
Tennis
Cricket
Rugby
Auto Racing
Olympics
World Cup
Random Quiz
Search Sporcle
×
Quiz Lab
Quiz Lab
Sports
Basketball
Type in answers that appear in a list
Type in answers that appear in a list
Classic
Best Score? Go Orange.
2012 NBA coaches Stats
Can you name the 2012 NBA coaches?
By
quizz2
5m
30 Questions
65 Plays
65 Plays
65 Plays
Comments
Comments
Give Quiz Kudos
Give Quiz Kudos
-
- Ratings
hide this ad
Replay
Link that replays current quiz
Next Quiz
Link to next quiz in quiz playlist
You Got
0%
They Got
Avg Score
69%
Avg Friend Score
Upgrade to see
Score Distribution
Jump to the score distribution portion of the page
Score
0/30
Timer
05:00
0
Plays Today
Team
Coach
% Correct
Celtics
Doc Rivers
96.9%
Lakers
Mike D'Antoni
93.8%
Spurs
Gregg Popovich
93.8%
Warriors
Mark Jackson
92.3%
Nuggets
George Karl
90.8%
Nets
P.J. Carlesimo
89.2%
Heat
Erik Spoelstra
89.2%
Thunder
Scott Brooks
87.7%
Knicks
Mike Woodson
87.7%
Clippers
Vinny Del-Negro
84.6%
Rockets
Kevin McHale
83.1%
Mavericks
Rick Carlisle
80%
Cavaliers
Byron Scott
78.5%
Bulls
Tom Thibodeau
78.5%
Timberwolves
Rick Adelman
75.4%
Team
Coach
% Correct
76ers
Doug Collins
72.3%
Hornets
Monty Williams
69.2%
Bucks
Jim Boylan
67.7%
Suns
Lindsey Hunter
66.2%
Grizzlies
Lionel Hollins
66.2%
Pistons
Lawrence Frank
58.5%
Pacers
Frank Vogel
53.8%
Hawks
Larry Drew
50.8%
Kings
Keith Smart
49.2%
Raptors
Dwane Casey
43.1%
Jazz
Tyrone Corbin
43.1%
Magic
Jacque Vaughn
43.1%
Wizards
Randy Wittman
33.8%
Bobcats
Mike Dunlap
30.8%
Trail Blazers
Terry Stotts
24.6%
Quiz Playlist
Details
Report
Send in Message
Add To Playlist
Classic:
Type in answers that appear in a list
Quiz Source
Last Updated: Feb 16, 2017
Quiz Scoreboard
CHALLENGE
Sign Up to Join the Scoreboard
Show All
Scores
Hide
Comments
May contain spoilers
Recently Published
Movies - When Are They Set?
by FPL_Elf
Movies
5m
Popular People in 1961
by mucciniale
History
6m
1-10 Letter E Words III
by El_Dandy
Language
2m
More to Explore
Quiz From the Vault
Featured Blog Post
Where Did the Easter Bunny Come From?
hide this ad
You Might Also Like...
Tags
Basketball Quiz
NBA Quiz
2012
coach
team
Today's Top Quizzes in Sports
Browse Sports
hide this ad
Today's Top Quizzes in Basketball
Browse Basketball
Top Contributed Quizzes in Sports
1
Les meilleurs buteurs des matchs entre le PSG et l’OM
2
FIFA Club World Cup Champions
3
Les entraîneurs de l'OM et du PSG au 21e siècle
4
2022 World Cup Stars
5
Name the Premier League winners with different clubs
6
La finale Lions - Afrique du Sud 2021
7
Criteria MLB: Left Handed Sluggers
8
Les joueurs passés par le LOSC et le RC Lens
9
Players with Multiple 50 Home Run Seasons
10
MLB Players with Two .350 Batting Average Seasons
Explore More
Trending Topics
Crossword
NBA
Disney
Marvel
Kpop
Anime
Harry Potter
Pokémon
WWE
Soccer
Puzzle
Song
NFL
The Office
Country
hide this ad
More By:
quizz2
Quiz
Plays
Rating
Category
Featured
Created
NBA Mascots
1,181
1.25
Sports
Feb 18, 2013
TPC Golf Courses
84
Sports
Feb 8, 2013
2012 NBA coaches
65
Sports
Dec 26, 2012
Go to Creator's Profile
Score Distribution
Quiz Creator Spotlight
quizz2
Follow
Send a Message
Quizzes Created
-
Created Quiz Play Count
-
More By This Creator
Popular Quizzes Today
1
Find the Countries of Europe - No Outlines Minefield
2
Find the US States - No Outlines Minefield
3
The Countries of the World
4
Popular People in 1961
5
US States
6
1-10 Letter E Words III
7
Find the US States
8
One Thing in Common: World Cities II
More Sports Quizzes
Quick Pick: Luke McCown Teams by Logo
Quiz Lab
Trending Quizzes
Risky Map Clicking: Least Populous States A-Z
1-10 Letter F Words
Humor Books: The Subtitles
1-10 Letter G Words
One Thing in Common: United Kingdom
Recently Updated
Leaping Animals
pecheneg
Reality TV Shows (A-Z)
bhenderson79
Rickey Henderson's Hall of Fame Teammates
pecheneg
Champions League XIs: Arsenal
pecheneg
Quick Pick: Celebrities in WWE's Hall of Fame
aduchscher
A-Z Keypad Blitz II
pecheneg
Multiple Oscar Actors
pecheneg
Mystery Phrase Blitz: Oscar 'Best Actors'
pecheneg
F. Scott Fitzgerald Novels
LTH
Pick 3 Villains
ddd62291
Trending Topics
NBA
Disney
Kpop
Harry Potter
Anime
Crossword
Marvel
Song
Puzzle
NFL
Country
Soccer
The Office
Pokémon
WWE
Your Account Isn't Verified!
In order to create a playlist on Sporcle, you need to verify the email address you used during registration. Go to your
Sporcle Settings
to finish the process.
Report this User
Report this user for behavior that violates our
Community Guidelines
.
Details:
Send Report
Go to the Sporcle.com Mobile Site →
Comments